| 000 | 02071nam0a2200373 4500 | ||
|---|---|---|---|
| 001 | RU\NLR\bibl\1656713 | ||
| 005 | 20250616035417.0 | ||
| 010 |
_a978-5-17-057677-7 _93000 |
||
| 021 |
_aRU _b2010-45440 _93033 |
||
| 035 | _a(nilc)RSL-KNO-004661268 | ||
| 035 | _a(NLR Aleph) 001648013 | ||
| 090 |
_a903783 _c903783 |
||
| 100 | _a20100622d2010 |||y0rusy50 ca | ||
| 101 | 0 | _arus | |
| 102 | _aRU | ||
| 105 | _aa ||||||||| | ||
| 200 | 1 |
_aАсы Люфтваффе _eкто есть кто _eскорость _fМихаил Зефиров |
|
| 210 |
_aМосква _cАСТ _cАстрель _aВладимир _cВКТ _d2010 |
||
| 215 |
_a477, [1] с. _cил., портр. _d22 |
||
| 225 | 1 | _aСерия "Неизвестные войны" | |
| 601 | 0 | 1 |
_aГермания _bЛюфтваффе _jБиографические словари _92402848 _3RU\NLR\auth\661432196 |
| 610 | 0 | _aИстория. Исторические науки -- История зарубежных стран -- Германия -- Германия в период общего кризиса капитализма (1918- ) -- Период фашистской диктатуры (1933-1945) -- Политический строй -- Вооруженные силы -- Справочное издание | |
| 610 | 0 | _aИстория. Исторические науки -- Всемирная история -- Новейшая история (1917- ) -- Период второй мировой войны (1939-1945) -- Отдельные театры военных действий -- Война на море и в воздухе -- Война в воздухе -- Справочное издание | |
| 686 |
_aТ3(4Г)63-54я2 _2rubbk |
||
| 686 |
_aТ3(0)622.92я2 _2rubbk |
||
| 686 | _aЦ65,8(4Г)0-243д | ||
| 700 | 1 |
_aЗефиров _bМ. В. _gМихаил Вадимович _4070 |
|
| 801 | 0 |
_aRU _bРГБ _c20100622 _grcr |
|
| 801 | 1 |
_aRU _bРГБ _c20100622 |
|
| 801 | 2 |
_aRU _bNLR _c20100720 _grcr |
|
| 830 | _aавт. по кн. | ||
| 942 | _cBOOK | ||
| 980 | _aNB | ||